000 nam a22 7a 4500
999 _c329858
_d329858
003 NUST
005 20170622102822.0
008 170525b xxu||||| |||| 00| 0 eng d
040 _cNUST
041 _hurdu
082 _a891.4393
_bTAG
100 _aTagore, Rabindra Nath
_91411
245 _aRabindra Nath Tagore kay bey misal afsany /
_cby Rabindra Nath Tagore, compiled by Tahir Mansor Faroqi
260 _aLahore:
_bAl-Hamad Publications,
_c2008
300 _a304 p.
500 _aAfsany
546 _aIn Urdu
650 _aUrdu Literature
_vAfsany
_91412
880 _aرابندر ناتھ ٹیگور کے بے مثال افسانے
_6245-02\(3\r
_cرابندر ناتھ ٹیگور، ترتیب و انتخاب: طاہر منصور فاروقی
880 _aرابندر ناتھ ٹیگور
_6100-02\(3\r
880 _aلاہور:
_6260-03\(3\r
_bالحمد پبلی کیشنز،
_c2008
942 _2ddc
_cBK